Statistics for Cocktail by Ingredients

Click here to take the quiz!

General Stats

  • This quiz has been taken 112 times
  • The average score is 10 of 15

Answer Stats

IngredientsCocktail% Correct
White rum, cane sugar, lime juice, mint leaves, soda waterMojito
91%
Rum, coconut cream, pineapple juicePiña colada
85%
Gin, tonic waterGin Tonic
83%
Vodka, triple sec, cranberry juice, lime juiceCosmopolitan
78%
Tequila, orange liqueur, lime juice (salt on the rim of the glass)Margarita
77%
Vodka, peach schnapps, orange juice, cranberry juiceSex on the Beach
76%
Champagne, orange juiceMimosa
72%
Vodka, coffee liqueur, creamWhite Russian
71%
Whiskey, sweet vermouth, bitters, maraschino cherryManhattan
68%
Vodka, tequila, light rum, triple sec, gin, a splash of colaLong Island Iced Tea
66%
Vodka, ginger beer, lime juiceMoscow Mule
62%
Gin, red vermouth, CampariNegroni
53%
Cachaça, sugar, limeCaipirinha
37%
Vodka, apple juice or apple liqueurAppletini
31%
Rum, Curaçao liqueur, orgeat syrup, lime juiceMai Tai
24%

Score Distribution

Percentile by Number Answered

Percent of People with Each Score

Your Score History

You have not taken this quiz